Soudný potok /

Hlavní autor: Štěpánek, Radek, 1986-
Jazyk: Čeština
Vydáno: Brno : Masarykova univerzita, 2010
Vydání: Vyd. 1.
Edice: Srdeční výdej (Masarykova univerzita)
Témata:
Fyzický popis: 66 s. ; 19 cm
Knihy
Uloženo v:
LEADER 01171nam a2200349 a 4500
001 nkc20102109081
003 CZ PrNK
005 20100930094506.0
007 ta
008 100601s2010 xr g 000 p cze
015 |a cnb002109081 
020 |a 978-80-210-5152-2  |q (brož.) 
035 |a (OCoLC)664091600 
040 |a OLA001  |b cze  |d ABA001 
072 7 |a 821.162.3-1  |x Česká poezie  |2 Konspekt  |9 25 
080 |a 821.162.3-1  |2 MRF 
080 |a (0:82-1)  |2 MRF 
100 1 |a Štěpánek, Radek,  |d 1986-  |7 js20070302006  |4 aut 
245 1 0 |a Soudný potok /  |c Radek Štěpánek 
250 |a Vyd. 1. 
260 |a Brno :  |b Masarykova univerzita,  |c 2010 
300 |a 66 s. ;  |c 19 cm 
490 1 |a Srdeční výdej ;  |v sv. 7 
655 7 |a česká poezie  |7 fd133958  |2 czenas 
655 9 |a Czech poetry  |2 eczenas 
830 0 |a Srdeční výdej (Masarykova univerzita)  |0 s 
910 2 |a BOA001  |b 1-1247.902 
990 |a BK 
995 |a 01 
991 |b 201008  |e b 
996 6 |b 2610445354  |c 1-1247.902  |l MZK  |r Sklad / do 1 hodiny  |n 0  |p p.v.  |w 001138164  |u 000010  |a 1  |e BOA001  |j MZK50  |s P 
996 7 |b 2610445355  |c 1-1247.902  |l MZK  |r Sklad / do 1 hodiny  |n 4  |p p.v.  |w 001138164  |u 000020  |a 1  |e BOA001  |j MZK50  |s A